[Event "Titled Tuesday intern op 16th Apr Early"]
[Site "Chess.com INT"]
[Date "2024.04.16"]
[Round "2"]
[White "Gelman, Alexander"]
[Black "Stojanovski, Sandi"]
[Result "1-0"]
[WhiteElo "2403"]
[BlackElo "2169"]
[PlyCount "65"]
[EventDate "2024.04.16"]
[EventType "swiss (blitz)"]
[EventRounds "11"]
[EventCountry "USA"]
[SourceTitle "CB17_2024"]
[SourceDate "2024.04.24"]
[SourceVersion "1"]
[SourceVersionDate "2024.04.24"]
[SourceQuality "1"]

1. c4 e6 2. Nf3 d5 3. d3 Nf6 4. Nbd2 c5 5. e3 Nc6 6. a3 Be7 7. b3 0-0 8. Bb2 dxc4 9. bxc4 b6 10. Qc2 Bb7 11. Rg1 Nd7 12. g4 Bf6 13. g5 Bxb2 14. Qxb2 Qc7 15. h4 Nce5 16. Be2 Nxf3+ 17. Bxf3 Rad8 18. Bxb7 Qxb7 19. h5 Qc7 20. f4 e5 21. f5 f6 22. Ne4 Kh8 23. Ke2 Qc6 24. Raf1 fxg5 25. Nxg5 Rde8 26. h6 Qf6 27. hxg7+ Qxg7 28. Ne6 Qh6 29. Nxf8 Qh2+ 30. Rf2 Qxg1 31. Nxd7 h5 32. Nxe5 Kh7 33. f6 1-0

[Event "Titled Tuesday intern op 09th Jan Early"]
[Site "Chess.com INT"]
[Date "2024.01.09"]
[Round "5"]
[White "Weetik, Vjacheslav"]
[Black "Stojanovski, Sandi"]
[Result "1-0"]
[WhiteElo "2423"]
[BlackElo "2169"]
[PlyCount "75"]
[EventDate "2024.01.09"]
[EventType "swiss (blitz)"]
[EventRounds "11"]
[EventCountry "USA"]
[SourceTitle "CB03_2024"]
[SourceDate "2024.01.17"]
[SourceVersion "1"]
[SourceVersionDate "2024.01.17"]
[SourceQuality "1"]

1. d4 Nf6 2. c4 e6 3. g3 d5 4. Nf3 c5 5. Bg2 Nc6 6. 0-0 Be7 7. cxd5 exd5 8. Nc3 0-0 9. dxc5 Bxc5 10. Na4 Be7 11. Be3 Bg4 12. Rc1 Re8 13. Bc5 Qd7 14. Re1 Rad8 15. Nd4 Ne5 16. Bxa7 Bb4 17. Rf1 Nc6 18. Bc5 Nxd4 19. Qxd4 Qxa4 20. Bxb4 Bxe2 21. Rfe1 Qxa2 22. Bc3 Qc4 23. Qd2 Qd3 24. Qxd3 Bxd3 25. Rxe8+ Rxe8 26. Bxf6 gxf6 27. Bxd5 Ba6 28. h4 Rd8 29. Be4 Rd2 30. b3 Rd4 31. Bf3 Rd3 32. Be4 Rd4 33. Rc8+ Kg7 34. Bf5 Rd5 35. Bg4 Rd4 36. Bf3 Rd3 37. Be4 Rxb3 38. Rc7 1-0

[Event "Titled Tuesday intern op 26th Sep Early"]
[Site "Chess.com INT"]
[Date "2023.09.26"]
[Round "9"]
[White "Balint, Vilmos"]
[Black "Stojanovski, Sandi"]
[Result "1-0"]
[WhiteElo "2217"]
[BlackElo "2179"]
[PlyCount "83"]
[EventDate "2023.09.26"]
[EventType "swiss (blitz)"]
[EventRounds "11"]
[EventCountry "USA"]
[SourceTitle "EXT 2024"]
[Source "ChessBase"]
[SourceDate "2023.10.10"]
[SourceVersion "1"]
[SourceVersionDate "2023.10.10"]
[SourceQuality "1"]

1. e4 d6 2. d4 Nf6 3. f3 g6 4. Be3 Bg7 5. Qd2 0-0 6. Bc4 d5 7. exd5 Nxd5 8. Bxd5 Qxd5 9. Ne2 c5 10. Nbc3 Qc4 11. dxc5 Nc6 12. Qd5 Be6 13. Qxc4 Bxc4 14. 0-0-0 Rfc8 15. Rd7 Rab8 16. b3 Be6 17. Rd2 Nb4 18. a3 Na6 19. b4 b6 20. Nd5 Bxd5 21. Rxd5 bxc5 22. bxc5 Bb2+ 23. Kd2 Bxa3 24. Ra1 Bb4+ 25. c3 Nxc5 26. Rxa7 Nb3+ 27. Kc2 Bd6 28. g3 Nc5 29. Nd4 Nd7 30. Rxd7 Ra8 31. Rb7 Ra3 32. Rb3 Ra2+ 33. Rb2 Ra1 34. Rdb5 Rf1 35. Kd3 e5 36. Ne2 Rxf3 37. Rd5 Bc5 38. Rxe5 Rd8+ 39. Nd4 Bd6 40. Re4 Rf1 41. Rf2 Rc8 42. Rxf1 1-0

[Event "Titled Tuesday intern op 19th Sep Early"]
[Site "Chess.com INT"]
[Date "2023.09.19"]
[Round "4"]
[White "Hua, Lefong"]
[Black "Stojanovski, Sandi"]
[Result "1-0"]
[WhiteElo "2305"]
[BlackElo "2179"]
[PlyCount "93"]
[EventDate "2023.09.19"]
[EventType "swiss (blitz)"]
[EventRounds "11"]
[EventCountry "USA"]
[SourceTitle "EXT 2024"]
[Source "ChessBase"]
[SourceDate "2023.10.10"]
[SourceVersion "1"]
[SourceVersionDate "2023.10.10"]
[SourceQuality "1"]

1. d4 d6 2. c4 Nf6 3. Nc3 g6 4. e4 Bg7 5. f4 0-0 6. Nf3 c5 7. d5 e6 8. Be2 exd5 9. cxd5 Nbd7 10. 0-0 Re8 11. Nd2 a6 12. a4 Qc7 13. Kh1 Rb8 14. e5 dxe5 15. Nc4 b5 16. axb5 axb5 17. Nxe5 b4 18. Nb5 Qb6 19. d6 Nxe5 20. fxe5 Rxe5 21. Nc7 Bb7 22. Bf4 Rf5 23. Bc4 Qc6 24. Qe2 Qe4 25. Qxe4 Bxe4 26. Rae1 Bc6 27. Be3 Rxf1+ 28. Rxf1 Rd8 29. Bxc5 Rd7 30. Bxb4 Ne4 31. Nb5 Bxb5 32. Bxb5 Rxd6 33. Bxd6 Nxd6 34. Ba4 Bxb2 35. Bb3 Be5 36. g3 Kg7 37. Kg2 f6 38. Kf3 Nf5 39. Bd5 Nd4+ 40. Kg2 f5 41. Rb1 Kf6 42. Bf3 h5 43. Rb6+ Kg5 44. h4+ Kh6 45. Bd1 Bg7 46. Ra6 Be5 47. Ba4 1-0

[Event "Titled Tuesday intern op 12th Sep Late"]
[Site "Chess.com INT"]
[Date "2023.09.12"]
[Round "6"]
[White "Stojanovski, Sandi"]
[Black "Wagner, Dennis"]
[Result "0-1"]
[WhiteElo "2179"]
[BlackElo "2589"]
[PlyCount "76"]
[EventDate "2023.09.12"]
[EventType "swiss (blitz)"]
[EventRounds "11"]
[EventCountry "USA"]
[SourceTitle "EXT 2024"]
[Source "ChessBase"]
[SourceDate "2023.10.10"]
[SourceVersion "1"]
[SourceVersionDate "2023.10.10"]
[SourceQuality "1"]

1. d3 d5 2. Nf3 g6 3. g3 Bg7 4. Bg2 Nc6 5. 0-0 e5 6. c4 Nge7 7. cxd5 Nxd5 8. Nc3 Nde7 9. Rb1 0-0 10. b4 a6 11. a4 h6 12. b5 axb5 13. axb5 Nd4 14. Nd2 Nef5 15. e3 Ne6 16. Qc2 Nc5 17. Nd5 Ne6 18. Bb2 Bd7 19. Bc3 c6 20. bxc6 Bxc6 21. Qb3 Nc5 22. Qc4 Na4 23. Bb4 Re8 24. Nc3 Nb6 25. Qb3 Bxg2 26. Kxg2 Qxd3 27. Nde4 Nc4 28. Rfd1 Nfxe3+ 29. fxe3 Nxe3+ 30. Kh1 Nxd1 31. Rxd1 Qf3+ 32. Kg1 Kh7 33. Rf1 Qe3+ 34. Kh1 f5 35. Nd6 Red8 36. Nc4 Qd3 37. Rg1 Qf3+ 38. Rg2 Ra1+ 0-1

[Event "Titled Tuesday intern op 05th Sep Late"]
[Site "Chess.com INT"]
[Date "2023.09.05"]
[Round "5"]
[White "Hernando Rodrigo, Julio Antonio"]
[Black "Stojanovski, Sandi"]
[Result "1-0"]
[WhiteElo "2208"]
[BlackElo "2179"]
[PlyCount "61"]
[EventDate "2023.09.05"]
[EventType "swiss (blitz)"]
[EventRounds "11"]
[EventCountry "USA"]
[SourceTitle "EXT 2024"]
[Source "ChessBase"]
[SourceDate "2023.10.10"]
[SourceVersion "1"]
[SourceVersionDate "2023.10.10"]
[SourceQuality "1"]

1. d4 d6 2. Nf3 Nf6 3. g3 g6 4. Bg2 Bg7 5. c4 0-0 6. Nc3 c6 7. 0-0 Bf5 8. Re1 Ne4 9. Nh4 Nxc3 10. bxc3 Bd7 11. Rb1 Qc7 12. e4 c5 13. e5 Nc6 14. exd6 exd6 15. dxc5 dxc5 16. Bf4 Qc8 17. Qd6 Bxc3 18. Red1 Bd4 19. Bd5 Bg4 20. Rxd4 Nxd4 21. Rxb7 Qd8 22. Rxf7 Rxf7 23. Bxa8 Qxd6 24. Bxd6 Rd7 25. Bd5+ Kg7 26. Bxc5 Ne2+ 27. Kf1 Nc1 28. f3 Bf5 29. Bd4+ Kh6 30. Be3+ g5 31. Nxf5+ 1-0

[Event "Titled Tuesday intern op 11th Jul Early"]
[Site "Chess.com INT"]
[Date "2023.07.11"]
[Round "10"]
[White "Stojanovski, Sandi"]
[Black "Chernomordik, Pavel"]
[Result "1-0"]
[WhiteElo "2179"]
[BlackElo "2124"]
[PlyCount "105"]
[EventDate "2023.07.11"]
[EventType "swiss (blitz)"]
[EventRounds "11"]
[EventCountry "USA"]
[SourceTitle "EXT 2024"]
[Source "ChessBase"]
[SourceDate "2023.10.10"]
[SourceVersion "1"]
[SourceVersionDate "2023.10.10"]
[SourceQuality "1"]

1. d3 g6 2. Nf3 Bg7 3. g3 e5 4. Bg2 Nc6 5. 0-0 d6 6. c4 h6 7. Nc3 Be6 8. Rb1 Nge7 9. b4 Qd7 10. b5 Nd8 11. Bb2 0-0 12. d4 exd4 13. Nd5 Bf5 14. Rc1 Nxd5 15. cxd5 Qxb5 16. Bxd4 Qxd5 17. Bxg7 Qxd1 18. Rfxd1 Kxg7 19. Rxc7 Be4 20. Rxd6 Re8 21. Nd4 Bxg2 22. Kxg2 Re5 23. Rcd7 Nc6 24. Rxb7 Nxd4 25. Rxd4 Rxe2 26. Rdd7 Rf8 27. Rxa7 Kf6 28. a4 Ra2 29. a5 Ke6 30. Rdb7 Rd8 31. Rxf7 Rd5 32. Rae7+ Kd6 33. Rd7+ Kc6 34. Rxd5 Kxd5 35. Rf6 Rxa5 36. Rxg6 Ke4 37. Rxh6 Ra2 38. Rh4+ Ke5 39. Rf4 Rc2 40. h4 Ke6 41. h5 Rc5 42. g4 Rc3 43. f3 Ke5 44. Kg3 Rc1 45. Rf5+ Ke6 46. Kh4 Rc8 47. Kg5 Rg8+ 48. Kh6 Rb8 49. Kg7 Rb7+ 50. Kg6 Rb8 51. h6 Rg8+ 52. Kh5 Rb8 53. h7 1-0

[Event "Titled Tuesday intern op 11th Jul Early"]
[Site "Chess.com INT"]
[Date "2023.07.11"]
[Round "1"]
[White "Stojanovski, Sandi"]
[Black "Fiorito, Joaquin"]
[Result "1-0"]
[WhiteElo "2179"]
[BlackElo "2409"]
[PlyCount "95"]
[EventDate "2023.07.11"]
[EventType "swiss (blitz)"]
[EventRounds "11"]
[EventCountry "USA"]
[SourceTitle "EXT 2024"]
[Source "ChessBase"]
[SourceDate "2023.10.10"]
[SourceVersion "1"]
[SourceVersionDate "2023.10.10"]
[SourceQuality "1"]

1. d3 d5 2. Nf3 Nf6 3. g3 Bf5 4. Bg2 e6 5. 0-0 Nc6 6. c4 dxc4 7. dxc4 Qxd1 8. Rxd1 Bc2 9. Rd2 Bg6 10. Nc3 Bb4 11. Nh4 Bxc3 12. bxc3 Nd7 13. Nxg6 hxg6 14. Rb1 Na5 15. Rxb7 Nxb7 16. Bxb7 Rd8 17. Bc6 Rh5 18. Ba3 Ra5 19. Bb4 Ra6 20. Bb5 Rb6 21. a4 a6 22. a5 Rbb8 23. Bc6 f6 24. h4 Rbc8 25. f4 Rb8 26. e4 Rbc8 27. Kg2 Rb8 28. Kf3 Rbc8 29. Kg4 Rb8 30. f5 gxf5+ 31. exf5 e5 32. Kh5 Rxb4 33. cxb4 Ke7 34. Rxd7+ Rxd7 35. Bxd7 Kxd7 36. Kg4 c5 37. b5 axb5 38. cxb5 c4 39. a6 Kc7 40. Kf3 Kb6 41. Ke3 Ka7 42. g4 Kb6 43. g5 Ka7 44. g6 Kb6 45. Ke4 Kc5 46. a7 c3 47. a8Q c2 48. Qc8+ 1-0

[Event "Titled Tuesday intern op 04th Jul Late"]
[Site "Chess.com INT"]
[Date "2023.07.04"]
[Round "7"]
[White "Garcia Correa, Jose Ricardo"]
[Black "Stojanovski, Sandi"]
[Result "0-1"]
[WhiteElo "2103"]
[BlackElo "2179"]
[PlyCount "98"]
[EventDate "2023.07.04"]
[EventType "swiss (blitz)"]
[EventRounds "11"]
[EventCountry "USA"]
[SourceTitle "EXT 2024"]
[Source "ChessBase"]
[SourceDate "2023.10.10"]
[SourceVersion "1"]
[SourceVersionDate "2023.10.10"]
[SourceQuality "1"]

1. e4 d6 2. d4 Nf6 3. Nc3 g6 4. f3 Bg7 5. Be3 0-0 6. Qd2 e5 7. h4 exd4 8. Bxd4 Nc6 9. Be3 d5 10. exd5 Nb4 11. 0-0-0 Bf5 12. Bc5 Nxc2 13. Bxf8 Qxf8 14. g4 Nxg4 15. fxg4 Bxg4 16. Qxc2 Bxd1 17. Nxd1 Qd6 18. Bc4 b5 19. Bb3 a5 20. Qc6 Qf4+ 21. Kb1 Rd8 22. Ne2 Qe4+ 23. Bc2 Qxh1 24. Qxc7 Qxd5 25. Nec3 Bxc3 26. Qxc3 b4 27. Qf6 Qd4 28. Qe7 Rc8 29. h5 Qc5 30. Qxc5 Rxc5 31. hxg6 fxg6 32. Ne3 Kg7 33. a3 bxa3 34. bxa3 h5 35. Kb2 g5 36. Nf5+ Kf6 37. Nd6 Ke5 38. Ne4 Rb5+ 39. Kc3 Kf4 40. Nd6 Re5 41. Nc4 Rd5 42. Bb3 h4 43. Nd2 Rc5+ 44. Kd4 Rc8 45. Nf1 g4 46. Be6 Rd8+ 47. Kc5 h3 48. Nh2 g3 49. Ng4 g2 0-1